| 000 | 01063nam a22003257a 4500 | ||
|---|---|---|---|
| 003 | CHAP | ||
| 005 | 20220329134317.0 | ||
| 008 | 971013s1984 us a r 00010 eng d | ||
| 010 | _a18527 | ||
| 011 | _a19499 | ||
| 035 | _a23584 | ||
| 040 | _cCHAP | ||
| 082 | 0 | 4 |
_a631.46 _bA53 |
| 100 | 0 | 0 |
_aAlexander, Martin _eed. _93826 |
| 245 | 1 |
_aBiological nitrogen fixation _b: ecology, technology and physiology |
|
| 260 |
_aNew York : _bPlenum, _c1984 |
||
| 300 |
_a247 p. _b: ilus. ; mapas |
||
| 590 |
_aBATCH-UPD _b10 _c20130110 _lUCH01 _h0340 |
||
| 590 |
_aBATCH-UPD _b10 _c20130110 _lUCH01 _h1708 |
||
| 590 |
_aBATCH-UPD _b10 _c20130410 _lUCH01 _h0013 |
||
| 590 |
_aBATCH-UPD _b10 _c20130410 _lUCH01 _h1502 |
||
| 590 |
_aBATCH-UPD _b10 _c20130914 _lUCH01 _h0015 |
||
| 590 |
_aCONVERSION _b10 _c20130109 _lUCH01 _h1311 |
||
| 650 | 1 | 4 |
_aBacterias nitrificantes. _99327 |
| 650 | 1 | 4 |
_aNitrógeno _xFijación. _981472 |
| 650 | 1 | 4 |
_aRhizobium. _997124 |
| 901 | _aBK | ||
| 942 | _cLIBRO | ||
| 949 |
_a631.46 A53 _bBC _cLIBRO _d33724000608881 _eLIBRO _gI.123894 _h63589 _i23584 _mDirecto _si |
||
| 999 |
_c18527 _d18527 |
||